| 000 | 01051nam a2200241Ia 4500 | ||
|---|---|---|---|
| 003 | OSt | ||
| 005 | 20200901115632.0 | ||
| 008 | 191128s2008 y gr 000 0 spa d | ||
| 020 | _a9789806125643 | ||
| 040 |
_aCO-JMCR _cCO-JMCR |
||
| 041 | 0 | _aspa | |
| 082 | 0 | 4 |
_a371.334 / _bC397e _223 |
| 110 | 1 |
_aCentro Latinoamericano de Administración Para el Desarrollo (CLAD) _99561 |
|
| 245 | 1 | 3 |
_aLa educación virtual como instrumento de la profesionalización de la función pública en América Latina y el Caribe / _cCentro Latinoamericano de Administración Para el Desarrollo (CLAD) |
| 260 |
_aCaracas : _bCentro Latinoamericano de Administración Para el Desarrollo, _c2008. |
||
| 260 | _c2008 | ||
| 300 |
_a130 páginas _c28 cm. |
||
| 504 | _aBibliografía : páginas 125-130 | ||
| 505 | 0 | _aEl escenario de la formación virtual de funsionarios públicos -- La formación virtual de funcionarios públicos -- América del sur | |
| 650 | 2 | 4 |
_aEducación virtual _99562 |
| 650 | 2 | 4 |
_aFuncionarios públicos _xeducación _99563 |
| 942 |
_2ddc _cBK |
||
| 999 |
_c6087 _d6087 |
||